000 00268nam a22001217a 4500
008 170621b xxu||||| |||| 00| 0 eng d
041 _aeng
080 _26 ED
_a94(4)
100 _a18
101 _aSHH
245 _aMODERN GERMANY 1871
_cORLOW.D
942 _2udc
_cBK
999 _c18373
_d18373